banner-ar

مجد الامم او انهيار الامبراطورية السوفياتية / (Record no. 53551)

MARC details
000 -الفاتح
حقل البيانات ثابتة الطول 00758nam a2200241Ia 4500
008 - عناصر البيانات ثابتة الطول - معلومات عامة
حقل البيانات ثابتة الطول 140319s9999 xx 000 0 ara d
040 ## - مصدر الفهرسة
وكالة الفهرسة الأصلية GCL /
وكالة النسخ GCL
082 04 - رقم تصنيف ديوى العشرى
رقم التصنيف 947.085
رقم المادة ه.م
100 1# - المدخل الرئيسى - إسم شخصى
الإسم الشخصى هيلين كاريروا نكوس
245 10 - بيان العنوان
العنوان مجد الامم او انهيار الامبراطورية السوفياتية /
بيان المسئوليه,etc هيلين كاريروا نكوس
700 1# - المدخل الاضافى - اسم شخصى
الإسم الشخصى يوسف شلب الشام
300 ## - الوصف المادى
التعداد 256 ص
490 ## - بيان السلسلة
عنوان السلسلة
650 04 - المدخل الاضافى بالموضوع-مصطلح موضوعى
مصطلح موضوعي العصر الحديث
650 04 - المدخل الاضافى بالموضوع-مصطلح موضوعى
مصطلح موضوعي تاريخ
650 04 - المدخل الاضافى بالموضوع-مصطلح موضوعى
مصطلح موضوعي الاتحاد السوفيتى
650 04 - المدخل الاضافى بالموضوع-مصطلح موضوعى
مصطلح موضوعي روسيا
650 04 - المدخل الاضافى بالموضوع-مصطلح موضوعى
مصطلح موضوعي تفكك
650 04 - المدخل الاضافى بالموضوع-مصطلح موضوعى
مصطلح موضوعي بروسترويكا
942 ## - عناصر المدخل الإضافي( كوها)
مصدر التصنيف او مخطط الترفيف Dewey Decimal Classification
Koha [default] item type كتاب
260 ## - PUBLICATION, DISTRIBUTION, ETC. (IMPRINT)
-- [S.N] :
-- دار الحقيقة للطباعة والنشر
Holdings
حالة التراجع حالة الفقد حالة تلف ليس للاعارة المكان المؤقت الموقع الحالى تاريخ الاكتساب اجمالي اﻻعارات رقم الطلب الباركود تاريخ اخر مشاهدة تاريخ تفعيل السعر نوع وعاء كوها
        مكتبة القاهرة الكبرى مكتبة القاهرة الكبرى 03/26/2014   947.085\ه.م 128496 03/26/2014 03/26/2014 كتاب
        مكتبة القاهرة الكبرى مكتبة القاهرة الكبرى 03/26/2014   947.085\ه.م 128497 03/26/2014 03/26/2014 كتاب

Powered By

EGPV